Normed linear spaces

Guardat en:
Dades bibliogràfiques
Autor principal: Day, Mahlon M (Autor)
Format: Llibre
Idioma:anglès
Publicat: Nueva York Academic Press Inc. 1962
Edició:2a. ed
Matèries:
Etiquetes: Afegir etiqueta
Sense etiquetes, Sigues el primer a etiquetar aquest registre!

MARC

LEADER 00000cam a2200000 a 4500
001 UCF2439
003 CL-VaPUC
008 120824e19620000US |||||||||||||||||eng|d
082 0 4 |a 515.73  |b DAY  |2 21 
100 0 |a Day, Mahlon M  |e author  |9 564079 
245 1 0 |a Normed linear spaces 
250 |a 2a. ed 
300 |a 139 p 
942 |c BK 
945 |d 20120824 00:00:00  |a dcastane 
260 |a Nueva York  |b Academic Press Inc.  |c 1962 
650 7 |a ESPACIOS TOPOLOGICOS LINEALES  |2 CL-VaPUC  |9 428870 
650 0 |a Espacios vectoriales topológicos   |9 424115 
650 0 |a Espacios métricos   |9 269874 
650 0 |a Geometría   |9 264063 
583 |a last modification  |c 20120824 12:41:00  |k Rodrigo Vera 
999 |c 349002  |d 349000 
952 |0 0  |1 0  |4 0  |6 515_730000000000000_DAY_1962  |7 0  |8 A  |9 451375  |a BIBMAT  |b BIBMAT  |d 2019-11-22  |i 4889282  |o 515.73 DAY 1962  |p 4889282  |r 2025-01-07  |w 2019-11-22  |y BK  |k MAT